000
00324nam a22001217a 4500
082
_a
347.052 KHA
100
_a
Muhammad Ahmad Khan
245
_a
The Limitation Act (IX of 1908)
260
_a
Lahore
_b
Mansoor Book House
_c
2014
300
_a
112p
942
_2
ddc
_c
BK
999
_c
540941
_d
540941